Great Literature #44 - Statistics

General Stats
  • This quiz has been taken 73 times
  • The average score is 7 of 20
Answer Stats
Hint Explanation Answer % Correct
The Tenant of Wildfell Hall 1848 Anne Brontë
75%
The Curious Incident of the Dog in the Night-time 2003 Mark Haddon
69%
Common Sense 1776 Thomas Paine
69%
Manon Lescaut 1731 Abbé Prévost
61%
Shōgun 1975 James Clavell
61%
Notes of a Native Son 1955 James Baldwin
57%
Decline and Fall 1928 Evelyn Waugh
43%
The Case of Comrade Tulayev 1948 (L’affaire Toulaev) Victor Serge
37%
The Diary of a Nobody 1892 George Grossmith, Weedon Grossmith
29%
If Not Now, When? 1982 (Se non ora, quando?) Primo Levi
29%
Tell Me a Riddle 1961 Tillie Olsen
27%
The History of Henry Esmond 1852 William Makepeace Thackeray
25%
The Far Pavilions 1978 Mary Margaret Kaye
24%
Mythologies 1957 Roland Barthes
24%
Little Disturbances of Man 1959 Grace Paley
22%
Amongst Women 1990 John McGahern
22%
Earthly Powers 1980 Anthony Burgess
20%
Nectar in a Sieve 1954 Kamala Markandaya
20%
Dhalgren 1975 Samuel R. Delany
16%
The Royal Game 1941 (Schachnovelle) Stefan Zweig
16%
No matching quizzes found
Score Distribution
Percent of People with Each Score
Percentile by Number Answered
Your Score History
You have not taken this quiz